Central Library OPAC University of Rajshahi

Insecticides of plant origin / (Record no. 37333)

MARC details
000 -LEADER
fixed length control field 01313nam a2200313 a 4500
001 - CONTROL NUMBER
control field 37333
003 - CONTROL NUMBER IDENTIFIER
rucl marc code BD-RjUL
005 - DATE AND TIME OF LATEST TRANSACTION
control field 20211209052611.0
008 - FIXED-LENGTH DATA ELEMENTS--GENERAL INFORMATION
fixed length control field 141201s1989 dcua b 101 0 eng
020 ## - INTERNATIONAL STANDARD BOOK NUMBER
International Standard Book Number 0841215693
035 ## - SYSTEM CONTROL NUMBER
System control number (BD-RjUL)37436
040 ## - CATALOGING SOURCE
Original cataloging agency DLC
Transcribing agency DLC
Modifying agency DLC
-- BD-RjUL
Language of cataloging eng
041 ## - LANGUAGE CODE
Language code of text/sound track or separate title eng
082 00 - DEWEY DECIMAL CLASSIFICATION NUMBER
Classification number 632.951
Edition number 19
Author mark and year INS 1989
245 00 - TITLE STATEMENT
Title Insecticides of plant origin /
Statement of responsibility, etc. J.T. Arnason, editor, B.J.R. Philogène, editor, Peter Morand, editor.
260 ## - PUBLICATION, DISTRIBUTION, ETC. (IMPRINT)
Place of publication, distribution, etc. Washington, DC :
Name of publisher, distributor, etc. American Chemical Society,
Date of publication, distribution, etc. 1989.
300 ## - PHYSICAL DESCRIPTION
Pagination x, 213 p. :
Illustrations ill. ;
Size 24 cm.
500 ## - GENERAL NOTE
General note "Developed from a symposium sponsored by the Division of Agrochemicals of the American Chemical Society at the Third Chemical Congress of North America (195th National Meeting of the American Chemical Society, Toronto, Ontario, Canada, June 5-11, 1988)"
504 ## - BIBLIOGRAPHY, ETC. NOTE
Bibliography, etc Includes bibliographies and indexes.
650 #0 - SUBJECT ADDED ENTRY--TOPICAL TERM
Topical term or geographic name as entry element Botanical insecticides
General subdivision Congresses.
9 (RLIN) 114439
700 1# - ADDED ENTRY--PERSONAL NAME
Personal name Arnason, J. T.,
Dates associated with a name 1948-
Personal name Philogène, B. J. R.,
Dates associated with a name 1940-
Personal name Morand, Peter,
Dates associated with a name 1935-
710 2# - ADDED ENTRY--CORPORATE NAME
Corporate name or jurisdiction name as entry element American Chemical Society.
Subordinate unit Division of Agrochemicals.
9 (RLIN) 114443
942 ## - ADDED ENTRY ELEMENTS (KOHA)
Source of classification or shelving scheme Dewey Decimal Classification
Koha item type Books
Holdings
Lost status Source of classification or shelving scheme Damaged status Not for loan Collection code Permanent Location Current Location Shelving location Date acquired Source of acquisition Total Checkouts Full call number Date last seen Copy number Koha item type
  Dewey Decimal Classification   Not For Loan Non-fiction Institute of Biological Sciences (IBSc) Library Institute of Biological Sciences (IBSc) Library   01/12/2014 Karim International   632.951 INS 1989 01/12/2014 C-1 Books